ARRUPE JESUIT UNIVERSITY

CORONAVIRUS -STOP THE SPREAD - CLEAN,DISINFECT,COVER

Come, let us celebrate : (Record no. 130435)

MARC details
000 -LEADER
fixed length control field 00732cam a2200241 i 4500
001 - CONTROL NUMBER
control field 3664442
003 - CONTROL NUMBER IDENTIFIER
control field ARRUPE
005 - DATE AND TIME OF LATEST TRANSACTION
control field 20200319110519.0
008 - FIXED-LENGTH DATA ELEMENTS--GENERAL INFORMATION
fixed length control field 770830s1976 ii 000 0 eng
010 ## - LIBRARY OF CONGRESS CONTROL NUMBER
LC control number 76911320
020 ## - INTERNATIONAL STANDARD BOOK NUMBER
Terms of availability Rs15.00
040 ## - CATALOGING SOURCE
Original cataloging agency DLC
Transcribing agency DLC
Modifying agency DLC
043 ## - GEOGRAPHIC AREA CODE
Geographic area code a-ii---
050 00 - LIBRARY OF CONGRESS CALL NUMBER
Classification number BL2015.F3
Item number C65
082 00 - DEWEY DECIMAL CLASSIFICATION NUMBER
Classification number 291.3/8
300 ## - PHYSICAL DESCRIPTION
Dimensions 19 cm.
245 00 - TITLE STATEMENT
Title Come, let us celebrate :
Remainder of title meeting God in Christian and non-Christian feasts /
Statement of responsibility, etc edited by I. Puthiadam.
260 ## - PUBLICATION, DISTRIBUTION, ETC. (IMPRINT)
Place of publication, distribution, etc Bangalore :
Name of publisher, distributor, etc Asian Trading Corp.,
Date of publication, distribution, etc 1990.
300 ## - PHYSICAL DESCRIPTION
Extent xv, 293p. ;
650 #0 - SUBJECT ADDED ENTRY--TOPICAL TERM
Topical term or geographic name as entry element Fasts and feasts
Geographic subdivision India.
9 (RLIN) 49734
700 1# - ADDED ENTRY--PERSONAL NAME
Personal name Puthiadam, Ignatius.
9 (RLIN) 49735
906 ## - LOCAL DATA ELEMENT F, LDF (RLIN)
a 7
b cbc
c orignew
d 4
e ncip
f 19
g y-gencatlg
942 ## - ADDED ENTRY ELEMENTS (KOHA)
Source of classification or shelving scheme Library of Congress Classification
Koha item type Monograph ( Printed materials)
Holdings
Withdrawn status Lost status Source of classification or shelving scheme Damaged status Not for loan Collection code Home library Current library Shelving location Date acquired Total Checkouts Full call number Barcode Date last seen Price effective from Koha item type
    Library of Congress Classification     Main Collection ARRUPE LIBRARY ARRUPE LIBRARY Main Collection 19/03/2020   BL2015.F3 C65 46600006870 19/03/2020 19/03/2020 Monograph ( Printed materials)

 

Arrupe Library. PO Box MP320 Mt Pleasant, Harare, Zimbabwe
263 242 745411|librarian@aju.ac.zw